000 00765nam a2200241 a 4500
001 000027598
003 DO-SdBNP
005 20220718132443.0
007 000027598
008 110401s1982 dr 000 0 spa d
040 _aBPMSU
_bspa
_cBPMSU
082 4 _a972.9304
_bB742g 1982
_2 22
100 1 _aBosch, Juan,
_d1909-2001.
_91
245 1 3 _aLa guerra de la restauración /
_cJuan Bosch.
260 _aSanto Domingo :
_bEditora Corripio,
_c1982
300 _a261 p. ;
_c21 cm.
590 _6Inventariado, 2022/VM
651 4 _aRepública Dominicana
_xHistoria
651 4 _aRepública Dominicana
_xRestauración
_y1863-1865
651 4 _aRepública Dominicana
_xHistoria
_xOcupación norteamericana
_y1965-1966
910 _aVMateo V.
942 _2ddc
_cBK
999 _c12558
_d12558